000 00725cam a22002653a 4500
001 31701
003 PGUSA
005 20140828083703.0
008 100319s2010||||xxu|||||s|||||000 1 eng d
040 _aPGUSA
_beng
042 _adc
050 4 _aPS
100 1 _aBone, Jesse F.
_q(Jesse Franklin),
_d1916-1986
245 1 0 _aNoble Redman
_h[electronic resource] /
_cJesse F. Bone
260 _bProject Gutenberg,
_c2010
506 _aPublic domain in the USA.
516 _aElectronic text
653 _aScience fiction
653 _aShort stories
653 _aMars (Planet) -- Fiction
700 1 _aGrayam
830 0 _aProject Gutenberg
_v31701
856 4 0 _uhttp://www.gutenberg.org/ebooks/31701
942 _cEB
999 _c260956
_d260956